[Event "32nd ECC Women 2016"]
[Site "Novi Sad SRB"]
[Date "2016.11.06"]
[Round "1.6"]
[Board "1"]
[White "Hapala, Elisabeth"]
[Black "Bodnaruk, Anastasia"]
[Result "1/2-1/2"]
[WhiteTitle "WFM"]
[BlackTitle "IM"]
[WhiteElo "2042"]
[BlackElo "2470"]
[WhiteTeam "ASVOE Pamhagen"]
[BlackTeam "Chigorin Chess Club St Petersburg"]
[WhiteFideId "1622080"]
[BlackFideId "4181751"]
[EventDate "2016.11.06"]

1. e4 c5 2. Nf3 d6 3. d4 cxd4 4. Nxd4 Nf6 5. Nc3 a6 6. Be3 e5 7. Nb3 Be7 8. f3
Be6 9. Qd2 O-O 10. O-O-O Nbd7 11. g4 b5 12. g5 Nh5 13. Kb1 Qc7 14. Nd5 Bxd5 15.
exd5 Nb6 16. Na5 Nxd5 17. Qxd5 Qxa5 18. Bd3 g6 19. Qb7 Qd8 20. Be4 Rb8 21. Qxa6
Qc7 22. c3 Kg7 23. Rd5 b4 24. cxb4 Rxb4 25. Rc1 Qb8 26. Rd2 f5 27. gxf6+ Nxf6
28. Bc6 d5 29. Ba7 Qd8 30. Rcd1 Qd6 31. Rc2 Qe6 32. Bc5 Bxc5 33. Rxc5 Rfb8 34.
Qa7+ Kh6 35. Rc2 d4 36. Qc5 Qf5 37. Ka1 R4b6 38. Qc4 Rc8 39. Qa4 Qf4 40. Be4
Rxc2 41. Qxc2 Nxe4 42. fxe4 Rf6 43. a4 g5 44. Ka2 Qg4 45. Rd3 Qe6+ 46. Qb3 Qc6
47. Rh3+ Kg7 48. Rg3 Kh6 49. Rh3+ Kg7 50. Rg3 Kh6 1/2-1/2

[Event "32nd ECC Women 2016"]
[Site "Novi Sad SRB"]
[Date "2016.11.06"]
[Round "1.6"]
[Board "2"]
[White "Ovod, Evgenija"]
[Black "Mira, Helene"]
[Result "1-0"]
[WhiteTitle "IM"]
[BlackTitle "WIM"]
[WhiteElo "2375"]
[BlackElo "2047"]
[WhiteTeam "Chigorin Chess Club St Petersburg"]
[BlackTeam "ASVOE Pamhagen"]
[WhiteFideId "4131827"]
[BlackFideId "1601601"]
[EventDate "2016.11.06"]

1. d4 d5 2. Bf4 e6 3. e3 c5 4. c3 cxd4 5. exd4 Bd6 6. Bg3 Nf6 7. Nd2 O-O 8. Bd3
Nc6 9. Ngf3 Qc7 10. Qe2 Rb8 11. Ne5 a6 12. a4 Bd7 13. O-O Rfc8 14. f4 Ne7 15.
Bh4 Ng6 16. Bxf6 gxf6 17. Nxd7 Qxd7 18. f5 exf5 19. Bxf5 Re8 20. Ne4 Qe7 21.
Bxg6 hxg6 22. Nxf6+ Kf8 23. Qd2 1-0

[Event "32nd ECC Women 2016"]
[Site "Novi Sad SRB"]
[Date "2016.11.06"]
[Round "1.6"]
[Board "3"]
[White "Horvath, Maria"]
[Black "Belenkaya, Dina"]
[Result "0-1"]
[WhiteTitle "WFM"]
[BlackTitle "WGM"]
[WhiteElo "1975"]
[BlackElo "2332"]
[WhiteTeam "ASVOE Pamhagen"]
[BlackTeam "Chigorin Chess Club St Petersburg"]
[WhiteFideId "1601660"]
[BlackFideId "24142654"]
[EventDate "2016.11.06"]

1. d4 d5 2. c4 dxc4 3. Nf3 Nf6 4. e3 e6 5. Bxc4 a6 6. O-O c5 7. dxc5 Bxc5 8.
Qxd8+ Kxd8 9. Nbd2 Ke7 10. Be2 Bd7 11. b3 Bb5 12. Nc4 Nbd7 13. Bb2 Rhc8 14. Rac1
g6 15. Rfd1 Nd5 16. Kf1 Nb4 17. a3 Nd5 18. b4 Ba7 19. Na5 N7b6 20. Bd4 Bxe2+ 21.
Kxe2 Na4 22. Rxc8 Rxc8 23. Bxa7 Ndc3+ 24. Ke1 Nxd1 25. Kxd1 b6 26. Nb3 Ra8 27.
Nbd4 Kd6 28. Bxb6 Nxb6 29. Ng5 Ke7 30. Nc6+ Ke8 31. Na5 Rc8 32. Ne4 Ra8 33. Nd6+
Ke7 34. Ndb7 Nd7 35. Kd2 Rc8 36. f3 h5 37. h3 g5 38. Nb3 g4 39. hxg4 hxg4 40.
N7a5 g3 41. f4 e5 42. Kd3 f5 43. fxe5 Nxe5+ 44. Kd2 Kf6 45. Nc5 Rh8 46. Nxa6 Rh2
47. Nc5 Rxg2+ 48. Kc1 Rf2 0-1

[Event "32nd ECC Women 2016"]
[Site "Novi Sad SRB"]
[Date "2016.11.06"]
[Round "1.6"]
[Board "4"]
[White "Balaian, Alina"]
[Black "Kosc, Renata"]
[Result "1-0"]
[WhiteTitle "WIM"]
[WhiteElo "2216"]
[BlackElo "2016"]
[WhiteTeam "Chigorin Chess Club St Petersburg"]
[BlackTeam "ASVOE Pamhagen"]
[WhiteFideId "24115347"]
[BlackFideId "1602578"]
[EventDate "2016.11.06"]

1. e4 c5 2. Nf3 e6 3. d4 cxd4 4. Nxd4 Nc6 5. Nc3 Qc7 6. Be2 a6 7. O-O Nf6 8. Be3
Be7 9. f4 d6 10. a4 Nb4 11. a5 d5 12. e5 Ne4 13. Na4 Bd7 14. Nb6 Rb8 15. c3 Nc6
16. Nb3 Nd8 17. f5 Bg5 18. Bxg5 Nxg5 19. Bd3 Nc6 20. h4 Ne4 21. Bxe4 dxe4 22.
Qxd7+ Qxd7 23. Nxd7 Kxd7 24. Nc5+ Ke7 25. f6+ gxf6 26. exf6+ Kd6 27. Nxe4+ Kd5
28. Rfe1 e5 29. b3 h6 30. g4 Ke6 31. Nc5+ Kd5 1-0

[Event "32nd ECC Women 2016"]
[Site "Novi Sad SRB"]
[Date "2016.11.06"]
[Round "1.7"]
[Board "1"]
[White "Zhukova, Natalia"]
[Black "Berzina, Ilze"]
[Result "1/2-1/2"]
[WhiteTitle "GM"]
[BlackTitle "WGM"]
[WhiteElo "2448"]
[BlackElo "2283"]
[WhiteTeam "Jelica PEP - Goracici"]
[BlackTeam "Kaunas CC Margiris"]
[WhiteFideId "14101513"]
[BlackFideId "11601345"]
[EventDate "2016.11.06"]

1. Nf3 d5 2. d4 Nf6 3. c4 c6 4. e3 Bf5 5. Nc3 e6 6. Nh4 Be4 7. f3 Bg6 8. Qb3 Qc7
9. Bd2 Bd6 10. g3 Nbd7 11. Rc1 a6 12. cxd5 exd5 13. Kf2 O-O 14. Be2 b5 15. Kg2
Nb6 16. Nxg6 hxg6 17. e4 dxe4 18. fxe4 b4 19. e5 bxc3 20. exd6 Qxd6 21. bxc3
Nbd5 22. Bf3 Rab8 23. Qc2 Rfe8 24. Rhe1 c5 25. c4 Nb4 26. dxc5 Qxc5 27. Bxb4
Rxb4 28. Rxe8+ Nxe8 29. Qf2 Qg5 30. Rc2 Nd6 31. h4 Qe5 32. Re2 Qc3 33. Bd5 Rb1
34. Qf4 Rb2 35. Rxb2 Qxb2+ 36. Qf2 Qc3 37. c5 Nf5 38. Kh3 Qe5 39. Qf3 Kh7 40.
Bxf7 Qxc5 41. h5 Ne7 42. hxg6+ Nxg6 43. Qe4 Qg5 44. Bc4 a5 45. Bd3 Kh6 46. a4
Nf8 47. Kg2 g6 48. Qd4 Nh7 49. Bb5 Nf6 50. Bc6 Qf5 51. Bf3 Qc2+ 52. Kg1 Qc1+ 53.
Kg2 Qc2+ 54. Kg1 Qc1+ 55. Kg2 1/2-1/2

[Event "32nd ECC Women 2016"]
[Site "Novi Sad SRB"]
[Date "2016.11.06"]
[Round "1.7"]
[Board "2"]
[White "Sibajeva, Marija"]
[Black "Velikic, Adela"]
[Result "0-1"]
[WhiteTitle "WCM"]
[WhiteElo "1869"]
[BlackElo "2207"]
[WhiteTeam "Kaunas CC Margiris"]
[BlackTeam "Jelica PEP - Goracici"]
[WhiteFideId "12807583"]
[BlackFideId "913553"]
[EventDate "2016.11.06"]

1. e4 c6 2. d4 d5 3. Nc3 dxe4 4. Nxe4 Nd7 5. Nf3 Ngf6 6. Ng3 e6 7. Bd3 Be7 8.
O-O O-O 9. c4 c5 10. Be3 b6 11. Qc2 Bb7 12. Ne4 Rc8 13. dxc5 Bxc5 14. Bxc5 Nxc5
15. Nxc5 Rxc5 16. Nd2 Qc7 17. f4 Rd8 18. b4 Rh5 19. Ne4 Bxe4 20. Bxe4 Rd4 21.
Bf3 Rxc4 22. Qd2 Rf5 23. Rac1 h6 24. Rxc4 Qxc4 25. Be2 Rd5 26. Bxc4 Rxd2 27. Bb3
Rd4 28. Rc1 g6 29. Rc8+ Kg7 30. Rc7 Rd7 31. Rc1 Ne4 32. Ba4 Rd4 33. Rc7 Rxb4 34.
Bc2 a5 35. a3 Rd4 36. Rc6 Nc5 37. g3 Rc4 38. Bd1 Rc1 39. Rd6 Ne4 0-1

[Event "32nd ECC Women 2016"]
[Site "Novi Sad SRB"]
[Date "2016.11.06"]
[Round "1.7"]
[Board "3"]
[White "Rakic, Marija"]
[Black "Gailiunaite, Saule"]
[Result "1-0"]
[WhiteTitle "WIM"]
[WhiteElo "2334"]
[BlackElo "1804"]
[WhiteTeam "Jelica PEP - Goracici"]
[BlackTeam "Kaunas CC Margiris"]
[WhiteFideId "936286"]
[BlackFideId "12807737"]
[EventDate "2016.11.06"]

1. d4 f5 2. g3 Nf6 3. Bg2 g6 4. Nf3 Bg7 5. O-O O-O 6. c4 d6 7. Nc3 c6 8. d5 e5
9. dxe6 Bxe6 10. Qd3 Na6 11. Ng5 Qe7 12. Bf4 Rad8 13. Rad1 Ng4 14. Nd5 Qe8 15.
Qa3 Ne5 16. b3 h6 17. Nxe6 Qxe6 18. Be3 g5 19. Qc1 Kh8 20. Nc3 f4 21. Bd4 Nc7
22. Bxa7 f3 23. exf3 Nxf3+ 24. Bxf3 Rxf3 25. Bd4 Bxd4 26. Rxd4 Qf6 27. Qd2 Ne6
28. Rd3 g4 29. Ne4 Rxd3 30. Qxd3 Qg6 31. Qc3+ Kg8 32. Nf6+ Kf7 33. f3 gxf3 34.
Rxf3 Ke7 35. Qb4 Rb8 36. Qb6 Qb1+ 37. Rf1 Qxa2 38. Nd5+ cxd5 39. cxd5 Qc2 40.
Re1 Kd7 41. Qb5+ Kd8 42. Rxe6 Qd1+ 43. Kg2 Qc2+ 44. Re2 Qg6 45. Qb6+ Kd7 46. Qe3
Kc7 47. Re1 Qc2+ 48. Kg1 Qg6 49. Rc1+ Kd7 50. Qb6 Rd8 51. Qc7+ Ke8 52. Re1+ 1-0

[Event "32nd ECC Women 2016"]
[Site "Novi Sad SRB"]
[Date "2016.11.06"]
[Round "1.7"]
[Board "4"]
[White "Perminaite, Guoda"]
[Black "Eric, Jovana"]
[Result "1/2-1/2"]
[BlackTitle "WIM"]
[WhiteElo "1762"]
[BlackElo "2209"]
[WhiteTeam "Kaunas CC Margiris"]
[BlackTeam "Jelica PEP - Goracici"]
[WhiteFideId "12808784"]
[BlackFideId "938238"]
[EventDate "2016.11.06"]

1. e4 c5 2. c3 d6 3. d4 Nc6 4. Be3 Nf6 5. f3 cxd4 6. cxd4 g6 7. Qd2 Bg7 8. Bd3
O-O 9. Ne2 Bd7 10. O-O a6 11. a3 Na5 12. Qd1 Rc8 13. b4 Nc4 14. Bxc4 Rxc4 15.
Nd2 Rc8 16. a4 h6 17. Qb3 e5 18. d5 Ne8 19. Rac1 Rxc1 20. Rxc1 f5 21. Nc3 f4 22.
Bf2 g5 23. Kf1 h5 24. Ke2 g4 25. Rg1 Bh6 26. Qc2 Kh8 27. Qd3 Qg5 28. Nf1 Nf6 29.
h4 Qg6 30. Nd2 Rc8 31. Nc4 g3 32. Ba7 Ra8 33. Bb6 Bf8 34. Bc7 Ne8 35. Nb6 Nxc7
36. Nxd7 Be7 37. Nb6 Re8 38. Rh1 Na8 39. Nxa8 Rxa8 40. Qc4 Qe8 41. Kd3 Rc8 42.
Qb3 Qd8 43. Ne2 Kg7 44. Qb2 Kg6 45. Rc1 Bxh4 46. Rxc8 Qxc8 47. Ng1 Qc7 48. Nh3
Bd8 49. Qc2 Qd7 50. a5 Bc7 51. Qc4 Bb8 52. Kc3 Ba7 53. Kb3 Be3 54. Ka3 Qd8 55.
Kb3 Qb8 56. Ka3 Kf6 57. Kb3 h4 58. Ka3 b6 59. axb6 Bxb6 60. Qc6 Ke7 61. Ka4 Qa7
62. Qc8 Qd7+ 63. Qxd7+ Kxd7 64. Kb3 Kc7 65. Kc4 Be3 66. Ng5 Kb6 67. Nh3 a5 68.
bxa5+ Kxa5 69. Ng5 Ka4 70. Kd3 Kb3 71. Ke2 Kc2 72. Nh3 Bb6 73. Ng5 Bd8 74. Nh3
Kc3 75. Ng1 1/2-1/2

[Event "32nd ECC Women 2016"]
[Site "Novi Sad SRB"]
[Date "2016.11.07"]
[Round "2.1"]
[Board "1"]
[White "Dzagnidze, Nana"]
[Black "Bodnaruk, Anastasia"]
[Result "1-0"]
[WhiteTitle "GM"]
[BlackTitle "IM"]
[WhiteElo "2507"]
[BlackElo "2470"]
[WhiteTeam "NONA Batumi"]
[BlackTeam "Chigorin Chess Club St Petersburg"]
[WhiteFideId "13601903"]
[BlackFideId "4181751"]
[EventDate "2016.11.06"]

1. Nf3 Nf6 2. c4 g6 3. b3 Bg7 4. Bb2 O-O 5. g3 d6 6. d4 e5 7. dxe5 Ng4 8. Bg2
Nc6 9. O-O dxe5 10. Na3 Nh6 11. h3 Qe7 12. Nb5 Rd8 13. Qc1 f6 14. Rd1 e4 15.
Rxd8+ Nxd8 16. Nfd4 Nhf7 17. Nc3 Ng5 18. h4 Nh3+ 19. Kf1 c6 20. Qe3 f5 21. Rd1
f4 22. gxf4 Qxh4 23. f5 Nf4 24. Nxe4 Qh2 25. Qg3 Qxg2+ 26. Qxg2 Nxg2 27. Kxg2
gxf5 28. Nd6 Bd7 29. Ba1 f4 30. Kf3 c5 31. N4f5 Bxa1 32. Rxa1 Ne6 33. Rg1+ Kf8
34. Ke4 b6 35. Ke5 Rd8 36. Kf6 Nc7 37. Ke5 Bxf5 38. Nxf5 Rd2 39. Re1 Rxa2 40.
Kxf4 Rd2 41. Ke5 Ne8 42. f4 Kf7 43. e4 h5 44. Rg1 Rd3 45. Nh6+ Ke7 46. f5 Rf3
47. f6+ Nxf6 48. Nf5+ Rxf5+ 49. Kxf5 Ng4 50. Rh1 Nf6 51. e5 Ne8 52. Rg1 Kf7 53.
e6+ Ke7 54. Ke5 1-0

[Event "32nd ECC Women 2016"]
[Site "Novi Sad SRB"]
[Date "2016.11.07"]
[Round "2.1"]
[Board "2"]
[White "Ovod, Evgenija"]
[Black "Batsiashvili, Nino"]
[Result "1/2-1/2"]
[WhiteTitle "IM"]
[BlackTitle "IM"]
[WhiteElo "2375"]
[BlackElo "2489"]
[WhiteTeam "Chigorin Chess Club St Petersburg"]
[BlackTeam "NONA Batumi"]
[WhiteFideId "4131827"]
[BlackFideId "13602993"]
[EventDate "2016.11.06"]

1. d4 Nf6 2. Bg5 e6 3. Nd2 c5 4. e3 Be7 5. c3 b6 6. Bxf6 Bxf6 7. dxc5 bxc5 8.
Ne4 Be7 9. Nd6+ Bxd6 10. Qxd6 Qb6 11. O-O-O Qxd6 12. Rxd6 Ke7 13. Rd2 Bb7 14.
Nf3 d6 15. Bb5 Rd8 16. Rhd1 Nc6 17. e4 f6 18. h4 Rab8 19. Re2 Na5 20. Bd3 Bc6
21. Nd2 Ba4 22. Rh1 Bb5 23. Rh3 c4 24. Bc2 Nb7 25. Ree3 Nc5 26. b4 cxb3 27. axb3
a5 28. Kb2 d5 29. exd5 Rxd5 30. Nf3 Bd7 31. Ka3 e5 32. Rg3 Kf8 33. c4 Rd6 34.
Bxh7 Rdb6 35. Bc2 a4 36. Nd2 axb3 37. Bxb3 Ba4 38. Bxa4 Ra8 39. Ka2 Nxa4 40. Rb3
Nc5+ 41. Ra3 Rd8 42. Nb3 Rdb8 43. h5 Rb4 44. Rf3 Kg8 45. Rg3 Kf8 46. Rf3 e4 47.
Rc3 f5 48. f3 Kg8 49. fxe4 fxe4 50. g4 Na4 51. Rc2 e3 52. Nd4 Rb2+ 53. Rxb2
Rxb2+ 54. Ka1 Rd2 55. Nf3 Rd1+ 56. Ka2 Nb6 57. Rxe3 Nxc4 58. Re4 Rf1 59. Rxc4
Rxf3 60. g5 Rh3 61. g6 Kf8 62. Rc8+ Ke7 63. Rc7+ Kf6 64. Rf7+ Kg5 65. Rxg7 Rxh5
66. Rg8 Kf6 67. Kb3 Rg5 68. Kc4 Rxg6 69. Rxg6+ Kxg6 1/2-1/2

[Event "32nd ECC Women 2016"]
[Site "Novi Sad SRB"]
[Date "2016.11.07"]
[Round "2.1"]
[Board "3"]
[White "Khotenashvili, Bela"]
[Black "Belenkaya, Dina"]
[Result "1-0"]
[WhiteTitle "GM"]
[BlackTitle "WGM"]
[WhiteElo "2426"]
[BlackElo "2332"]
[WhiteTeam "NONA Batumi"]
[BlackTeam "Chigorin Chess Club St Petersburg"]
[WhiteFideId "13602640"]
[BlackFideId "24142654"]
[EventDate "2016.11.06"]

1. d4 d5 2. c4 dxc4 3. e4 Nf6 4. e5 Nd5 5. Bxc4 Nb6 6. Bd3 Nc6 7. Be3 Nb4 8. Be4
f5 9. a3 fxe4 10. axb4 Bf5 11. Nc3 e6 12. b5 Nd5 13. Nge2 Qd7 14. Qb3 Be7 15.
Ng3 Nxe3 16. fxe3 Bh4 17. O-O Bxg3 18. hxg3 O-O 19. Rf4 g5 20. Rxf5 Rxf5 21.
Nxe4 Qd5 22. Qc2 Raf8 23. g4 R5f7 24. Nf6+ Rxf6 25. exf6 Rxf6 26. Qc5 Qe4 27.
Qxg5+ Kf7 28. Rc1 c6 29. bxc6 bxc6 30. Ra1 Qg6 31. Rxa7+ Kg8 32. Qxg6+ Rxg6 33.
Ra5 Rxg4 34. Rc5 Kf7 35. Rxc6 e5 36. Rc4 Ke7 37. b4 exd4 38. Rxd4 Rg5 39. Rh4 h5
40. Kf2 Rd5 41. Kf3 Kf6 42. Rc4 Rb5 43. e4 Ke6 44. Kf4 Rb8 45. Rc6+ Kd7 46. Rc5
Rxb4 47. Rxh5 Ke6 48. Rh6+ Kf7 49. Ra6 Rb5 50. g4 Rc5 51. e5 Rc1 52. Kf5 Rf1+
53. Kg5 Rg1 54. e6+ Ke7 55. Kf5 Rf1+ 56. Kg6 Rg1 57. g5 Rg2 58. Kh6 Rh2+ 59. Kg7
Rg2 60. g6 Rh2 61. Kg8 Rg2 62. g7 Rh2 63. Ra1 Rh3 64. Rf1 Rh2 65. Rf7+ Ke8 66.
e7 Rh1 67. Rf8+ Kxe7 68. Rf2 Rh3 69. Re2+ Kd7 70. Re4 Rh2 71. Kf7 Rf2+ 72. Kg6
Rg2+ 73. Kf6 Rf2+ 74. Kg5 1-0

[Event "32nd ECC Women 2016"]
[Site "Novi Sad SRB"]
[Date "2016.11.07"]
[Round "2.1"]
[Board "4"]
[White "Balaian, Alina"]
[Black "Melia, Salome"]
[Result "1-0"]
[WhiteTitle "WIM"]
[BlackTitle "IM"]
[WhiteElo "2216"]
[BlackElo "2393"]
[WhiteTeam "Chigorin Chess Club St Petersburg"]
[BlackTeam "NONA Batumi"]
[WhiteFideId "24115347"]
[BlackFideId "13602446"]
[EventDate "2016.11.06"]

1. e4 c5 2. Nf3 Nc6 3. d4 cxd4 4. Nxd4 Nf6 5. Nc3 e5 6. Ndb5 d6 7. Bg5 a6 8. Na3
b5 9. Nd5 Be7 10. Bxf6 Bxf6 11. c4 b4 12. Nc2 O-O 13. h4 a5 14. g3 Be6 15. Bg2
Bxd5 16. Qxd5 Qb6 17. O-O a4 18. Qd3 b3 19. axb3 axb3 20. Ne3 Nd4 21. Nf5 Ra2
22. Nxd4 exd4 23. Rxa2 bxa2 24. Qa3 d3 25. Qxa2 Bxb2 26. Rb1 Rb8 27. Bf3 Qd4 28.
Qa4 g6 29. Kg2 h5 30. Qc6 Rb3 31. Qd5 Qb6 32. e5 dxe5 33. c5 Qb8 34. c6 Rc3 35.
Qd7 e4 36. Bxe4 Qe5 37. Bd5 Qf6 38. Rxb2 Rc2 39. Rb8+ Kg7 40. Bf3 d2 41. Qd8 1-0

[Event "32nd ECC Women 2016"]
[Site "Novi Sad SRB"]
[Date "2016.11.07"]
[Round "2.2"]
[Board "1"]
[White "Kashlinskaya, Alina"]
[Black "Hou, Yifan"]
[Result "0-1"]
[WhiteTitle "IM"]
[BlackTitle "GM"]
[WhiteElo "2450"]
[BlackElo "2635"]
[WhiteTeam "SHSM Legacy Square Moscow"]
[BlackTeam "Cercle d'Echecs Monte-Carlo"]
[WhiteFideId "4198026"]
[BlackFideId "8602980"]
[EventDate "2016.11.06"]

1. d4 e6 2. c4 c5 3. d5 exd5 4. cxd5 d6 5. Nc3 g6 6. Nf3 Bg7 7. Bf4 Nf6 8. h3
O-O 9. e3 Na6 10. Be2 Nc7 11. a4 a6 12. O-O Rb8 13. e4 Re8 14. e5 Nh5 15. Bg5 f6
16. exd6 Qxd6 17. Bh4 f5 18. Nd2 Nf4 19. Bf3 b5 20. axb5 axb5 21. Bg3 Bd7 22.
Kh1 Be5 23. Re1 c4 24. Rxe5 Qxe5 25. Ne2 g5 26. Bh5 Re7 27. Nxc4 Qxd5 28. Nxf4
gxf4 29. Bh4 Re4 30. Nd6 Qxd1+ 31. Rxd1 Ra4 32. Rc1 Rb6 33. Be7 Rc6 34. Rd1 Be6
35. Bf6 Bb3 36. Rd3 Ra1+ 37. Kh2 Rcc1 38. g3 Rh1+ 39. Kg2 Rhg1+ 40. Kh2 Bd5 41.
Rxd5 Nxd5 42. Bd4 Ne3 43. Bf3 fxg3+ 44. fxg3 Rgf1 0-1

[Event "32nd ECC Women 2016"]
[Site "Novi Sad SRB"]
[Date "2016.11.07"]
[Round "2.2"]
[Board "2"]
[White "Muzychuk, Anna"]
[Black "Pustovoitova, Daria"]
[Result "1/2-1/2"]
[WhiteTitle "GM"]
[BlackTitle "FM"]
[WhiteElo "2561"]
[BlackElo "2427"]
[WhiteTeam "Cercle d'Echecs Monte-Carlo"]
[BlackTeam "SHSM Legacy Square Moscow"]
[WhiteFideId "14111330"]
[BlackFideId "4182146"]
[EventDate "2016.11.06"]

1. e4 c5 2. Nf3 d6 3. d4 cxd4 4. Nxd4 Nf6 5. Nc3 a6 6. g3 e5 7. Nde2 h6 8. Bg2
Be7 9. O-O O-O 10. h3 Be6 11. g4 Qc7 12. Ng3 Rc8 13. a4 Nc6 14. Nd5 Bxd5 15.
exd5 Nb8 16. c3 Nbd7 17. f4 exf4 18. Bxf4 Re8 19. Rf2 Bf8 20. Qc2 Ne5 21. Nf5
Qc5 22. Be3 Qc4 23. Rd1 Nfd7 24. Rdf1 Qd3 25. Qc1 Qc4 26. Qc2 Qd3 27. Qc1 Qc4
28. Qc2 1/2-1/2

[Event "32nd ECC Women 2016"]
[Site "Novi Sad SRB"]
[Date "2016.11.07"]
[Round "2.2"]
[Board "3"]
[White "Savina, Anastasia"]
[Black "Muzychuk, Mariya"]
[Result "0-1"]
[WhiteTitle "IM"]
[BlackTitle "GM"]
[WhiteElo "2363"]
[BlackElo "2532"]
[WhiteTeam "SHSM Legacy Square Moscow"]
[BlackTeam "Cercle d'Echecs Monte-Carlo"]
[WhiteFideId "4196872"]
[BlackFideId "14114550"]
[EventDate "2016.11.06"]

1. d4 Nf6 2. c4 g6 3. Nc3 d5 4. cxd5 Nxd5 5. e4 Nxc3 6. bxc3 Bg7 7. Be3 c5 8.
Rc1 Qa5 9. Qd2 cxd4 10. cxd4 Qxd2+ 11. Bxd2 O-O 12. Nf3 Bg4 13. d5 Nd7 14. Bc4
Nc5 15. h3 Bd7 16. e5 e6 17. Bb4 Rfc8 18. O-O exd5 19. Bxd5 Nd3 20. Rxc8+ Rxc8
21. Bd6 Bc6 22. Bc4 Bxf3 23. Bxd3 Bd5 24. Bb1 Bf8 25. Rd1 Be6 26. Be4 b6 27. a3
Rd8 28. Rd4 f6 29. f4 Kf7 30. Ra4 a5 31. Rd4 Bb3 32. Rd3 Bxd6 33. exd6 Bc2 34.
Bd5+ Kf8 35. Rd2 Rxd6 36. Rxc2 Rxd5 37. Rc7 Rd3 38. Rc6 Kg7 39. Rxb6 h5 40. Rb7+
Kf8 41. h4 Rxa3 42. f5 g5 43. hxg5 fxg5 44. Kh2 h4 45. f6 a4 46. Ra7 Ke8 47. g4
Rg3 48. Rxa4 Kf7 49. Rb4 Kxf6 50. Ra4 Ke5 51. Rb4 Re3 52. Rb1 Kf4 53. Rg1 Re2+
54. Kh3 Rf2 55. Ra1 Rf3+ 56. Kg2 Kxg4 57. Ra4+ Rf4 58. Ra3 Rc4 0-1

[Event "32nd ECC Women 2016"]
[Site "Novi Sad SRB"]
[Date "2016.11.07"]
[Round "2.2"]
[Board "4"]
[White "Cramling, Pia"]
[Black "Kovalevskaya, Ekaterina"]
[Result "1/2-1/2"]
[WhiteTitle "GM"]
[BlackTitle "IM"]
[WhiteElo "2461"]
[BlackElo "2437"]
[WhiteTeam "Cercle d'Echecs Monte-Carlo"]
[BlackTeam "SHSM Legacy Square Moscow"]
[WhiteFideId "1700030"]
[BlackFideId "4116704"]
[EventDate "2016.11.06"]

1. d4 d5 2. Nf3 e6 3. c4 c5 4. cxd5 exd5 5. g3 Nc6 6. Bg2 Nf6 7. O-O Be7 8. dxc5
Bxc5 9. a3 a5 10. Qc2 Bb6 11. Bg5 h6 12. Bxf6 Qxf6 13. Nc3 Be6 14. Qb3 Qd8 15.
Na4 Ra6 16. Rac1 O-O 17. Rfd1 d4 18. Qb5 Qd5 19. Qxd5 Bxd5 20. Rd2 Rd8 21. Ne1
Bxg2 22. Kxg2 Ne5 23. Nd3 f6 24. Nxe5 fxe5 25. Nxb6 Rxb6 26. Rc5 Re8 27. Rxa5
Rb3 28. Rd5 Re6 29. h4 Kf7 30. f4 exf4 31. Rf5+ Kg8 32. Rxf4 Reb6 33. Rfxd4 Rxb2
34. Rxb2 Rxb2 35. Kf3 Rb3+ 36. Rd3 Rb6 37. e4 Kf7 38. Kf4 Ke6 39. Rd4 Rb1 40.
Rb4 Rf1+ 41. Ke3 Ra1 42. a4 Rg1 43. Kf2 Ra1 44. Rxb7 g5 45. Rb6+ Ke5 46. hxg5
hxg5 47. Kf3 Rxa4 48. Rg6 Rxe4 49. Rxg5+ Kf6 1/2-1/2

[Event "32nd ECC Women 2016"]
[Site "Novi Sad SRB"]
[Date "2016.11.07"]
[Round "2.3"]
[Board "1"]
[White "Ushenina, Anna"]
[Black "Mamedjarova, Zeinab"]
[Result "1-0"]
[WhiteTitle "GM"]
[BlackTitle "WGM"]
[WhiteElo "2453"]
[BlackElo "2338"]
[WhiteTeam "Ugra Chess Club"]
[BlackTeam "Odlar Yurdu"]
[WhiteFideId "14110911"]
[BlackFideId "13401521"]
[EventDate "2016.11.06"]

1. d4 d5 2. c4 dxc4 3. e4 Nc6 4. Nf3 Bg4 5. Be3 Nf6 6. Nc3 e5 7. d5 Na5 8. Qa4+
Bd7 9. Qxa5 a6 10. d6 Bxd6 11. Nxe5 b6 12. Nxf7 Kxf7 13. Bxc4+ Kf8 14. Qg5 h6
15. Qh4 b5 16. Bb3 Ng4 17. Qxd8+ Rxd8 18. Bd2 Bxh2 19. g3 h5 20. Bg5 Re8 21.
O-O-O Bc8 22. Rd2 h4 23. f3 Rh5 24. fxg4 Rxg5 25. Rf1+ 1-0

[Event "32nd ECC Women 2016"]
[Site "Novi Sad SRB"]
[Date "2016.11.07"]
[Round "2.3"]
[Board "2"]
[White "Mammadzada, Gunay"]
[Black "Pogonina, Natalija"]
[Result "1/2-1/2"]
[WhiteTitle "WGM"]
[BlackTitle "WGM"]
[WhiteElo "2371"]
[BlackElo "2492"]
[WhiteTeam "Odlar Yurdu"]
[BlackTeam "Ugra Chess Club"]
[WhiteFideId "13403729"]
[BlackFideId "4147855"]
[EventDate "2016.11.06"]

1. e4 e5 2. Nf3 Nc6 3. Bb5 a6 4. Ba4 Nf6 5. O-O b5 6. Bb3 Bb7 7. Re1 Bc5 8. c3
d6 9. d4 Bb6 10. Be3 O-O 11. Nbd2 h6 12. h3 Re8 13. d5 Ne7 14. Bxb6 cxb6 15. Bc2
Ng6 16. Bd3 Nd7 17. g3 Rf8 18. b4 f5 19. exf5 Ne7 20. a4 Bxd5 21. axb5 axb5 22.
Rxa8 Bxa8 23. g4 Bc6 24. Qe2 Nd5 25. Bxb5 Nf4 26. Qc4+ Bd5 27. Qf1 Qc7 28. Re3
Nf6 29. c4 Bb7 30. Ba4 Kh8 31. Bb3 Re8 32. Nh4 d5 33. cxd5 N6xd5 34. Rg3 Qe7 35.
Ng6+ Nxg6 36. fxg6 Qxb4 37. Qe2 Nf4 38. Qe3 Qd4 39. Kh2 Rd8 40. Nc4 Nxg6 41.
Nxb6 Rf8 42. Nc4 Qd5 43. f3 Rxf3 44. Rxf3 Qxf3 45. Qxf3 Bxf3 46. Kg3 Bd5 47.
Nxe5 Nxe5 48. Bxd5 g5 1/2-1/2

[Event "32nd ECC Women 2016"]
[Site "Novi Sad SRB"]
[Date "2016.11.07"]
[Round "2.3"]
[Board "3"]
[White "Nechaeva, Marina"]
[Black "Mammadova, Gulnar"]
[Result "1/2-1/2"]
[WhiteTitle "IM"]
[BlackTitle "WGM"]
[WhiteElo "2420"]
[BlackElo "2364"]
[WhiteTeam "Ugra Chess Club"]
[BlackTeam "Odlar Yurdu"]
[WhiteFideId "4149351"]
[BlackFideId "13403508"]
[EventDate "2016.11.06"]

1. d4 d5 2. c4 c6 3. Nf3 Nf6 4. e3 g6 5. Nc3 Bg7 6. Bd3 O-O 7. O-O Bg4 8. h3
Bxf3 9. Qxf3 dxc4 10. Bxc4 Nbd7 11. Rd1 e5 12. d5 e4 13. Nxe4 Nxe4 14. Qxe4 Nb6
15. Qc2 Nxc4 16. Qxc4 Re8 17. e4 cxd5 18. exd5 Rc8 19. Qd3 Qd7 20. Rb1 Re5 21.
Be3 Rd8 22. Rbc1 b6 23. d6 Bf8 24. Rc7 Qxd6 25. Qxd6 Bxd6 26. Rxa7 Rxe3 27. fxe3
Bh2+ 28. Kxh2 Rxd1 29. Ra6 b5 30. Ra5 b4 31. Rb5 Ra1 32. Rxb4 Rxa2 33. Kg3 Ra6
34. Rb8+ Kg7 35. b4 Kf6 36. b5 Ra2 37. b6 h5 38. h4 Rb2 39. Kf3 Kf5 40. g3 Rb4
41. Rb7 Ke6 42. Ke2 Rb3 43. Kd2 Kd5 44. Ke2 Ke6 45. Kf3 Rb4 46. Ke2 Rb3 47. Kd2
Kd5 48. Rxf7 Rxb6 49. Ke2 Ke4 50. Rf4+ Ke5 51. Kf3 Rb1 52. Ra4 Rf1+ 53. Ke2 Rf6
54. Rf4 Rb6 55. Kf3 Rb1 56. Re4+ Kf5 57. Ra4 Rf1+ 58. Kg2 Re1 59. Kf2 Rb1 60.
Ra6 Ke4 61. Kg2 Rb2+ 62. Kh3 Kf5 63. e4+ Kxe4 64. Rxg6 Rb5 65. Rf6 Rb2 66. Ra6
Rb5 67. Rh6 Ra5 68. Rg6 1/2-1/2